LEADER 00915nam0-22003011i-450- 001 990000159110403321 035 $a000015911 035 $aFED01000015911 035 $a(Aleph)000015911FED01 035 $a000015911 100 $a20011111d--------km-y0itay50------ba 101 0 $aita 105 $ay-------001yy 200 1 $a<>volo sul mare e dal mare$enascita, evoluzione e prospettive del potere aeromarittimo$fMichele Cosentino. 210 $aRoma$cRivista marittima$d1999 215 $a208 p.$cill.$d24 cm 300 $aSuppl. a: Rivista marittima, n. 10, ottobre 1999 610 0 $aForze aeree della marina 676 $a359.94 700 1$aCosentino,$bMichele$09394 801 0$aIT$bUNINA$gRICA$2UNIMARC 901 $aBK 912 $a990000159110403321 952 $a13 E 72 76$b11407/8$fFINBC 959 $aFINBC 996 $aVolo sul mare e dal mare$9121651 997 $aUNINA DB $aING01 LEADER 02687nam 2200601 a 450 001 9910822517403321 005 20240513091520.0 010 $a1-283-85862-2 010 $a0-470-71138-8 010 $a0-470-71137-X 035 $a(CKB)2670000000055924 035 $a(EBL)624672 035 $a(OCoLC)690115332 035 $a(SSID)ssj0000472262 035 $a(PQKBManifestationID)11297818 035 $a(PQKBTitleCode)TC0000472262 035 $a(PQKBWorkID)10433025 035 $a(PQKB)10624486 035 $a(MiAaPQ)EBC624672 035 $a(Au-PeEL)EBL624672 035 $a(CaPaEBR)ebr10469667 035 $a(CaONFJC)MIL417112 035 $a(EXLCZ)992670000000055924 100 $a20100708d2011 uy 0 101 0 $aeng 135 $aurcn||||||||| 181 $ctxt 182 $cc 183 $acr 200 00$aPorous materials$b[electronic resource] /$fedited by Duncan W. Bruce, Dermot O'Hare, Richard I. Walton 205 $a1st ed. 210 $aChichester, U.K. ;$aHoboken, N.J. $cWiley$d2011 215 $a1 online resource (352 p.) 225 1 $aInorganic materials series 300 $aDescription based upon print version of record. 311 $a0-470-99749-4 320 $aIncludes bibliographical references and index. 327 $aPorous Materials; Contents; Inorganic Materials Series Preface; Preface; List of Contributors; 1 Metal-Organic Framework Materials; 2 Mesoporous Silicates; 3 Ordered Porous Crystalline Transition Metal Oxides; 4 Templated Porous Carbon Materials: Recent Developments; 5 Synthetic Silicate Zeolites: Diverse Materials Accessible Through Geoinspiration 330 $aIn the past few decades, the increasingly routine use of advanced structural probes for studying the structure and dynamics of the solid state has led to some dramatic developments in the field of porous solids. These materials are fundamental in a diverse range of applications, such as shape-selective catalysts for energy-efficient organic transformations, new media for pollutant removal, and gas storage materials for energy technologies. Porosity in inorganic materials may range from the nano-scale to the macro-scale, and the drive towards particular properties remains the goal in this fast- 410 0$aInorganic materials series. 606 $aPorous materials 615 0$aPorous materials. 676 $a620.1/16 701 $aBruce$b Duncan W$0861136 701 $aO'Hare$b Dermot$0861137 701 $aWalton$b Richard I$0107204 801 0$bMiAaPQ 801 1$bMiAaPQ 801 2$bMiAaPQ 906 $aBOOK 912 $a9910822517403321 996 $aPorous materials$94086289 997 $aUNINA